Folk-Lore and Legends : (Record no. 246326)
[ view plain ]
| 000 -LEADER | |
|---|---|
| fixed length control field | 01439cam a22002413a 4500 |
| 001 - CONTROL NUMBER | |
| control field | 17071 |
| 003 - CONTROL NUMBER IDENTIFIER | |
| control field | PGUSA |
| 005 - DATE AND TIME OF LATEST TRANSACTION | |
| control field | 20140828083350.0 |
| 008 - FIXED-LENGTH DATA ELEMENTS--GENERAL INFORMATION | |
| fixed length control field | 051115s2005||||xxu|||||s|||||000 | eng d |
| 040 ## - CATALOGING SOURCE | |
| Original cataloging agency | PGUSA |
| Language of cataloging | eng |
| 042 ## - AUTHENTICATION CODE | |
| Authentication code | dc |
| 050 #4 - LIBRARY OF CONGRESS CALL NUMBER | |
| Classification number | GR |
| 245 10 - TITLE STATEMENT | |
| Title | Folk-Lore and Legends : |
| Remainder of title | Scotland |
| Medium | [electronic resource] / |
| Statement of responsibility, etc | Anonymous |
| 260 ## - PUBLICATION, DISTRIBUTION, ETC. (IMPRINT) | |
| Name of publisher, distributor, etc | Project Gutenberg, |
| Date of publication, distribution, etc | 2005 |
| 505 0# - FORMATTED CONTENTS NOTE | |
| Formatted contents note | Canobie Dick and Thomas of Ercildoun -- Coinnach Oer -- Elphin Irving -- The Ghosts of Craig-Aulnaic -- The Doomed Rider -- Whippety Stourie -- The Weird of the Three Arrows -- The Laird of Balmachie's Wife -- Michael Scott -- The Minister and the Fairy -- The Fisherman and the Merman -- The Laird O' Co' -- Ewen of the Little Head -- Jock and his Mother -- Saint Columba -- The Mermaid Wife -- The Fiddler and the Bogle of Bogandoran -- Thomas the Rhymer -- Fairy Friends -- The Seal-Catcher's Adventure -- The Fairies of Merlin's Craig -- Rory Macgillivray -- The Haunted Ships -- The Brownie -- Mauns' Stane -- "Horse and Hattock" -- Secret Commonwealth -- The Fairy Boy of Leith -- The Dracæ -- Lord Tarbat's Relations -- The Bogle -- Daoine Shie, or the Men of Peace -- The Death "Bree." |
| 506 ## - RESTRICTIONS ON ACCESS NOTE | |
| Terms governing access | Public domain in the USA. |
| 516 ## - TYPE OF COMPUTER FILE OR DATA NOTE | |
| Type of computer file or data note | Electronic text |
| 653 ## - INDEX TERM--UNCONTROLLED | |
| Uncontrolled term | Legends -- Scotland |
| 653 ## - INDEX TERM--UNCONTROLLED | |
| Uncontrolled term | Folklore -- Scotland |
| 830 #0 - SERIES ADDED ENTRY--UNIFORM TITLE | |
| Uniform title | Project Gutenberg |
| Volume number/sequential designation | 17071 |
| 856 40 - ELECTRONIC LOCATION AND ACCESS | |
| Uniform Resource Identifier | <a href="http://www.gutenberg.org/ebooks/17071">http://www.gutenberg.org/ebooks/17071</a> |
| 942 ## - ADDED ENTRY ELEMENTS (KOHA) | |
| Koha item type | eBooks |
| Withdrawn status | Lost status | Damaged status | Home library | Current library | Date acquired | Total Checkouts | Date last seen | Price effective from | Koha item type |
|---|---|---|---|---|---|---|---|---|---|
| Project Gutenberg | Project Gutenberg | 08/28/2014 | 08/28/2014 | 08/28/2014 | eBooks |